000 00749nam a2200205 i 4500
001 51231
003 ES-MaACL
005 20230906162324.0
007 t|
008 030811s1980 sp ||||1| spa d
100 1 _aChapman, Stephen R.
_938035
245 1 0 _aProducción agrícola
_b: principios y prácticas /
_cStephen R. Chapman y Lark P. Carter ; traducido por Manuel Medina Blanco, Eduardo Peinado Lucena, Antonio Gustavo Gómez Castro.
260 _aZaragoza :
_bAcribia,
_c[1980]
300 _aVIII, 572 p. :
_bil. ;
_c24 cm.
700 1 _aCarter, Lark P.
_935889
700 1 _aMedina Blanco, Manuel.
_979723
700 1 _aPeinado Lucena, Eduardo.
_989988
700 1 _aGómez Castro, A. G.
_957864
852 _aES-MaACL
_jL-1933
_bR.102924
999 _c51231
_d51231